[Event "Asian Junior Chess Championship 2011"]
[Site "?"]
[Date "2011.??.??"]
[Round "6.1"]
[White "Narayanan, Srinath"]
[Black "Shyam, Sundar M"]
[Result "1/2-1/2"]
[WhiteElo "2337"]
[BlackElo "2457"]
[PlyCount "106"]
[EventDate "2011.06.02"]

1. e4 e5 2. Nf3 Nc6 3. Bb5 Nf6 4. d3 d6 5. O-O g6 6. c3 Bg7 7. Nbd2 O-O 8. Re1
Bd7 9. Ba4 Nh5 10. Nf1 h6 11. h3 Kh7 12. d4 a6 13. Be3 Qe7 14. Bc2 Rad8 15. Qe2
Qf6 16. Rad1 Rfe8 17. N3h2 Nf4 18. Qf3 Nh5 19. Qe2 Nf4 20. Qf3 h5 21. Kh1 Nb8
22. d5 h4 23. Ng4 Bxg4 24. Qxg4 Bh6 25. Nh2 Nh5 26. Nf3 Bxe3 27. Rxe3 Qf4 28.
Qxh4 Kg7 29. Kg1 Nd7 30. Qg5 b5 31. g3 Qxg5 32. Nxg5 Rb8 33. b4 Nb6 34. Bd3 c6
35. dxc6 Rbc8 36. Be2 Rxc6 37. Red3 Rd8 38. Bg4 Na4 39. Rf3 Nf6 40. Be6 Rxc3
41. Rdd3 Rxd3 42. Rxd3 Nxe4 43. Nxf7 Nb2 44. Re3 Re8 45. Bb3 Nc4 46. Rxe4 Kxf7
47. Bxc4+ bxc4 48. Rxc4 Ke6 49. Rc6 Ra8 50. Rb6 g5 51. a4 Kd5 52. a5 Kd4 53.
Rxd6+ Kc4 1/2-1/2